000 00609nam a22001937a 4500
005 20250724150301.0
010 _aENG-146127
020 _a9788119664436
_c300.00
035 _aEN-129659
037 _bDBAD
082 _a574.03
100 _aSheja, Lini
_983308
245 _aO Justice, Where are You?:
_bA Cry for Justice in the 21st Century/
_cLini Sheja
250 _a1
260 _aBengaluru
_bATC Publishers
_c2025
270 _a9/12-1, 1st Floor, Lloyd's Road Cooke Town
_bBengaluru
_e560005
_madmin@atcpublishers.com
300 _a174p
_c21cm(pb)
942 _2ddc
_cEN
_h574.03
_mSHE
999 _c212584
_d212584